000 00312 a2200085 4500
999 _c19129
_d19129
003 WA 310
005 20230123143429.0
008 230123b xxu||||| |||| 00| 0 pol d
040 _cWA 310
245 0 0 _aUzbrojenie i wojskowy sprzęt techniczny - Wymagania dotyczące wpływu środowiska elektromagnetycznego PN-V-82046:2004P /
_cKT nr 177.
246 1 3 _aPN-V-82046
260 _aWarszawa :
_bKT nr 177,
_c2004.
300 _a95 stron ;
_c30 cm.
650 _aPolska norma
942 _2ddc
_cBK